| 000 | 00633nam a2200217 a 4500 | ||
|---|---|---|---|
| 008 | |||
| 020 | _a1857150627 (cased) | ||
| 049 | _aMAIN | ||
| 090 | _aPR5397 | ||
| 100 | 1 | _aShelley, Mary. | |
| 245 | 1 | 0 |
_aFrankenstein / _cMary Shelley ; with an introduction by Mary Lesser. |
| 260 |
_aLondon : _bDavid Campbell, _c1992. |
||
| 300 |
_axxii, 231 p. ; _c22 cm. |
||
| 440 |
_aEveryman's Library ; _v62. |
||
| 650 |
_aEnglish Literature _d19th century. |
||
| 907 |
_a.b10114476 _b22-03-04 _c18-03-04 |
||
| 003 | |||
| 005 | 20230123133641.0 | ||
| 040 | _cNUST | ||
| 942 |
_cBOOKS _kPR5397 |
||
| 999 |
_c152262 _d152262 |
||